<?xml version="1.0" encoding="UTF-8"?>
<record
    xmlns:xsi="http://www.w3.org/2001/XMLSchema-instance"
    xsi:schemaLocation="http://www.loc.gov/MARC21/slim http://www.loc.gov/standards/marcxml/schema/MARC21slim.xsd"
    xmlns="http://www.loc.gov/MARC21/slim">

  <leader>01466nam0a2200361   4500</leader>
  <controlfield tag="001">RU\NLR\BIBL_A\022194900</controlfield>
  <controlfield tag="005">20260409080645.0</controlfield>
  <datafield tag="010" ind1=" " ind2=" ">
    <subfield code="z">5-93943-034-1</subfield>
    <subfield code="9">1000</subfield>
  </datafield>
  <datafield tag="035" ind1=" " ind2=" ">
    <subfield code="a">(NLR Aleph) 022194900</subfield>
  </datafield>
  <datafield tag="090" ind1=" " ind2=" ">
    <subfield code="a">13321369</subfield>
    <subfield code="c">13321369</subfield>
  </datafield>
  <datafield tag="100" ind1=" " ind2=" ">
    <subfield code="a">20240411d2002    |||y0rusy50      ca</subfield>
  </datafield>
  <datafield tag="101" ind1="0" ind2=" ">
    <subfield code="a">rus</subfield>
    <subfield code="a">gol</subfield>
  </datafield>
  <datafield tag="102" ind1=" " ind2=" ">
    <subfield code="a">RU</subfield>
  </datafield>
  <datafield tag="105" ind1=" " ind2=" ">
    <subfield code="a">ab  w   000yy</subfield>
  </datafield>
  <datafield tag="181" ind1=" " ind2="0">
    <subfield code="a">i3</subfield>
    <subfield code="b">axxe  </subfield>
  </datafield>
  <datafield tag="182" ind1=" " ind2="0">
    <subfield code="a">n</subfield>
  </datafield>
  <datafield tag="200" ind1="1" ind2=" ">
    <subfield code="a">&#x41B;&#x443;&#x43A;&#x430; &#x443;&#x43B;&#x44D;&#x43D; &#x43C;&#x44D;&#x434;&#x44D;&#x43D;&#x438;</subfield>
    <subfield code="e">&#x43D;&#x430;&#x43D;&#x430;&#x439; &#x445;&#x44D;&#x441;&#x44D;&#x434;&#x438;&#x44D;&#x43D;&#x438; &#x442;&#x443;&#x4C8;&#x441;&#x44D;&#x440;&#x44D;&#x43D;</subfield>
  </datafield>
  <datafield tag="203" ind1=" " ind2=" ">
    <subfield code="a">&#x422;&#x435;&#x43A;&#x441;&#x442;</subfield>
    <subfield code="b">&#x432;&#x438;&#x437;&#x443;&#x430;&#x43B;&#x44C;&#x43D;&#x44B;&#x439;</subfield>
    <subfield code="c">&#x43D;&#x435;&#x43F;&#x43E;&#x441;&#x440;&#x435;&#x434;&#x441;&#x442;&#x432;&#x435;&#x43D;&#x43D;&#x44B;&#x439;</subfield>
  </datafield>
  <datafield tag="210" ind1=" " ind2=" ">
    <subfield code="a">&#x41C;&#x43E;&#x441;&#x43A;&#x432;&#x430;</subfield>
    <subfield code="c">&#x411;&#x438;&#x431;&#x43B;&#x438;&#x44F;&#x432;&#x430; &#x442;&#x443;&#x4C8;&#x441;&#x44D;&#x440;&#x44D;&#x439; &#x438;&#x43D;&#x441;&#x442;&#x438;&#x442;&#x443;&#x442;</subfield>
    <subfield code="d">2002</subfield>
  </datafield>
  <datafield tag="215" ind1=" " ind2=" ">
    <subfield code="a">92, [4] &#x441;.</subfield>
    <subfield code="c">&#x438;&#x43B;., &#x43A;&#x430;&#x440;&#x442;&#x44B;</subfield>
    <subfield code="d">20</subfield>
  </datafield>
  <datafield tag="300" ind1=" " ind2=" ">
    <subfield code="a">&#x41D;&#x430; &#x43E;&#x431;&#x43E;&#x440;&#x43E;&#x442;&#x435; &#x442;&#x438;&#x442;. &#x441;. &#x437;&#x430;&#x433;&#x43B;. &#x442;&#x430;&#x43A;&#x436;&#x435; &#x43D;&#x430; &#x440;&#x443;&#x441;. &#x44F;&#x437;.: &#x415;&#x432;&#x430;&#x43D;&#x433;&#x435;&#x43B;&#x438;&#x435; &#x43E;&#x442; &#x41B;&#x443;&#x43A;&#x438; &#x43D;&#x430; &#x43D;&#x430;&#x43D;&#x430;&#x439;&#x441;&#x43A;&#x43E;&#x43C; &#x44F;&#x437;&#x44B;&#x43A;&#x435;</subfield>
  </datafield>
  <datafield tag="300" ind1=" " ind2=" ">
    <subfield code="a">&#x422;&#x435;&#x43A;&#x441;&#x442; &#x43D;&#x430; &#x43D;&#x430;&#x43D;&#x430;&#x439;&#x441;&#x43A;&#x43E;&#x43C; &#x44F;&#x437;.</subfield>
  </datafield>
  <datafield tag="500" ind1=" " ind2=" ">
    <subfield code="8">rus</subfield>
    <subfield code="a">&#x411;&#x438;&#x431;&#x43B;&#x438;&#x44F;</subfield>
    <subfield code="i">&#x41D;.&#x417;</subfield>
    <subfield code="i">&#x415;&#x432;&#x430;&#x43D;&#x433;&#x435;&#x43B;&#x438;&#x435; &#x43E;&#x442; &#x41B;&#x443;&#x43A;&#x438;</subfield>
    <subfield code="7">ca</subfield>
    <subfield code="3">RU\NLR\AUTH\553149</subfield>
    <subfield code="9">2631085</subfield>
  </datafield>
  <datafield tag="517" ind1="1" ind2=" ">
    <subfield code="a">&#x415;&#x432;&#x430;&#x433;&#x435;&#x43B;&#x438;&#x435; &#x43E;&#x442; &#x41B;&#x443;&#x43A;&#x438; &#x43D;&#x430; &#x43D;&#x430;&#x43D;&#x430;&#x439;&#x441;&#x43A;&#x43E;&#x43C; &#x44F;&#x437;&#x44B;&#x43A;&#x435;</subfield>
    <subfield code="z">rus</subfield>
  </datafield>
  <datafield tag="541" ind1="1" ind2=" ">
    <subfield code="a">&#x415;&#x432;&#x430;&#x43D;&#x433;&#x435;&#x43B;&#x438;&#x435; &#x43E;&#x442; &#x41B;&#x443;&#x43A;&#x438;</subfield>
  </datafield>
  <datafield tag="605" ind1=" " ind2=" ">
    <subfield code="a">&#x411;&#x438;&#x431;&#x43B;&#x438;&#x44F;</subfield>
    <subfield code="i">&#x41D;&#x43E;&#x432;&#x44B;&#x439; &#x417;&#x430;&#x432;&#x435;&#x442;</subfield>
    <subfield code="i">&#x415;&#x432;&#x430;&#x43D;&#x433;&#x435;&#x43B;&#x438;&#x435; &#x43E;&#x442; &#x41B;&#x443;&#x43A;&#x438;</subfield>
    <subfield code="9">2079121</subfield>
    <subfield code="3">RU\NLR\AUTH\661254994</subfield>
  </datafield>
  <datafield tag="686" ind1="1" ind2=" ">
    <subfield code="a">&#x42D;37-200.112</subfield>
  </datafield>
  <datafield tag="852" ind1=" " ind2=" ">
    <subfield code="a">NLR</subfield>
    <subfield code="b">&#x41E;&#x41D;&#x41B;</subfield>
    <subfield code="j">&#x41D;&#x430;&#x43D;&#x430;&#x439;./2-51</subfield>
  </datafield>
  <datafield tag="942" ind1=" " ind2=" ">
    <subfield code="c">BOOK</subfield>
  </datafield>
  <datafield tag="980" ind1=" " ind2=" ">
    <subfield code="a">NB</subfield>
  </datafield>
  <datafield tag="995" ind1=" " ind2=" ">
    <subfield code="5">2024-04-11</subfield>
    <subfield code="a">ab</subfield>
    <subfield code="b">NLR01</subfield>
    <subfield code="c">NLR01</subfield>
    <subfield code="e">ONL</subfield>
    <subfield code="f">1-4280863</subfield>
    <subfield code="k">&#x41E;&#x41D;&#x41B; &#x41D;&#x430;&#x43D;&#x430;&#x439;./2-51</subfield>
    <subfield code="o">0</subfield>
    <subfield code="p">100.00</subfield>
    <subfield code="r">BOOK</subfield>
    <subfield code="s">_251</subfield>
  </datafield>
</record>
